| 000 | 00604nam a2200205Ia 4500 | ||
|---|---|---|---|
| 003 | OSt | ||
| 005 | 20250131144104.0 | ||
| 008 | 210210b1999 xxu||||| |||| 00| 0 eng d | ||
| 040 | _cAL | ||
| 041 | _ahin | ||
| 082 | _aH491.5 VIRR | ||
| 100 |
_aVIRAT (Vishnu Chaturvedi): _9196722 |
||
| 110 |
_bविराट (विष्णु चतुर्वेदी) _9196723 |
||
| 245 |
_aRaj bhasha hindi vyakaran: _bराज भाषा व्याकरण |
||
| 260 |
_aMathura _bAmar Prakashan _c1999 |
||
| 300 | _a160 | ||
| 690 |
_aHindi Grammar _9196724 |
||
| 906 | _a061372 | ||
| 942 |
_2ddc _cBK |
||
| 999 |
_c108203 _d108203 |
||